বাংলাদেশের দুর্ভিক্ষ একটি প্রামাণ্য চিত্র / (Record no. 44146)
[ view plain ]
| 000 -LEADER | |
|---|---|
| fixed length control field | 00988nam a22002417a 4500 |
| 001 - CONTROL NUMBER | |
| control field | 44146 |
| 003 - CONTROL NUMBER IDENTIFIER | |
| rucl marc code | BD-RjUL |
| 005 - DATE AND TIME OF LATEST TRANSACTION | |
| control field | 20211209053815.0 |
| 008 - FIXED-LENGTH DATA ELEMENTS--GENERAL INFORMATION | |
| fixed length control field | 160714s1983 bg ||||| |||| 00| 0 ben d |
| 020 ## - INTERNATIONAL STANDARD BOOK NUMBER | |
| Terms of availability | : TK 15.00 |
| 035 ## - SYSTEM CONTROL NUMBER | |
| System control number | (BD-RjUL)44264 |
| 040 ## - CATALOGING SOURCE | |
| Original cataloging agency | BD-RjUL |
| Language of cataloging | ben |
| Transcribing agency | BD-RjUL |
| 041 ## - LANGUAGE CODE | |
| Language code of text/sound track or separate title | ben |
| 082 ## - DEWEY DECIMAL CLASSIFICATION NUMBER | |
| Edition number | 23 |
| Classification number | 338.13095492 |
| Author mark and year | MUB 1983 |
| 100 ## - MAIN ENTRY--PERSONAL NAME | |
| Personal name | মুহাম্মদ, আনু |
| 9 (RLIN) | 120677 |
| 245 10 - TITLE STATEMENT | |
| Title | বাংলাদেশের দুর্ভিক্ষ একটি প্রামাণ্য চিত্র / |
| Statement of responsibility, etc. | আনু মুহাম্মদ, আতিউর রহমান |
| 260 ## - PUBLICATION, DISTRIBUTION, ETC. (IMPRINT) | |
| Place of publication, distribution, etc. | ঢাকা : |
| Name of publisher, distributor, etc. | পাপড়ি প্রকাশনী, |
| Date of publication, distribution, etc. | ১৯৮৩ |
| 300 ## - PHYSICAL DESCRIPTION | |
| Pagination | [১০], ১২৮ পৃ. ; |
| Size | ১৮ সেমি. |
| 650 ## - SUBJECT ADDED ENTRY--TOPICAL TERM | |
| Topical term or geographic name as entry element | আর্থিক দিক |
| Geographic subdivision | বাংলাদেশ |
| 9 (RLIN) | 135550 |
| Topical term or geographic name as entry element | Financial Aspects |
| Geographic subdivision | Bangladesh |
| 9 (RLIN) | 135551 |
| 700 ## - ADDED ENTRY--PERSONAL NAME | |
| Personal name | রহমান, আতিউর |
| 942 ## - ADDED ENTRY ELEMENTS (KOHA) | |
| Source of classification or shelving scheme | Dewey Decimal Classification |
| Koha item type | Books |
| Lost status | Source of classification or shelving scheme | Damaged status | Not for loan | Collection code | Permanent Location | Current Location | Shelving location | Date acquired | Source of acquisition | Cost, normal purchase price | Total Checkouts | Full call number | Date last seen | Copy number | Koha item type |
|---|---|---|---|---|---|---|---|---|---|---|---|---|---|---|---|
| Dewey Decimal Classification | Non-fiction | Central Library, University of Rajshahi | Central Library, University of Rajshahi | 10/04/1984 | Dhaka; Books and periodicals | 15.00 | B 338.13095492 MUB 1983 | 14/07/2016 | C-2 | Books | |||||
| Dewey Decimal Classification | Non-fiction | Central Library, University of Rajshahi | Central Library, University of Rajshahi | 03/04/1984 | papri prokashoni | 15.00 | B 338.13095492 MUB 1983 | 22/11/2016 | C-3 | Books |